Proceedings / Biological sciences

Saved in:  
Bibliographic Details
Corporate Author: Royal Society. VerfasserIn London (Author)
Format: Electronic Journal
Language:English
Published: London The Royal Society 1990-
In:Year: 1990
Online Access: Volltext (Digitalisierung; 241.1990 -; jeweils die letzten 4 Jahre nicht verfügbar)
Volltext (Frontdoor-Url)
Volltext (Publisher)
Volltext (teilw. kostenfrei)
Volltext (teilw. kostenfrei)
Check availability: HBZ Gateway
Subito Delivery Service: Order now.
Volumes / Articles:Show volumes/articles.
Keywords:

MARC

LEADER 00000cas a2200000 c 4500
001 253785197
003 DE-627
005 20260126173315.0
007 cr |||||||||||
008 990128c19909999xxkz| p|o 0 |0eng c
016 7 |a 019543476  |2 DE-101 
016 7 |a 1460975-7  |2 DE-600 
022 |a 1471-2954  |l 0962-8452 
035 |a (DE-627)253785197 
035 |a (DE-603)07147286X 
035 |a (DE-576)072794895 
035 |a (DE-599)ZDB1460975-7 
035 |a (OCoLC)863010728 
040 |a DE-627  |b ger  |c DE-627  |e rakwb 
041 |a eng 
044 |c XA-GB 
082 0 4 |a 570  |q DE-600 
084 |a 12  |2 ssgn 
084 |a BIODIV  |q DE-30  |2 fid 
084 |a 35.70  |2 bkl 
084 |a 42.00  |2 bkl 
110 2 |a Royal Society  |g London  |e VerfasserIn  |0 (DE-588)39272-8  |0 (DE-627)10089786X  |0 (DE-576)190364378  |4 aut 
210 1 0 |a Proc.- Royal Soc., Biol. sci. 
245 1 0 |a Proceedings  |p Biological sciences  |c Royal Society of London 
246 1 |i Abweichender Titel  |a Proceedings of the Royal Society of London / Biological sciences 
246 1 |i Abweichender Titel  |a Proceedings of the Royal Society. B, Biological sciences 
246 1 |i Abweichender Titel auf der Homepage  |a Proceedings: B 
264 3 1 |a London  |b The Royal Society  |c 1990- 
300 |a Online-Ressource 
336 |a Text  |b txt  |2 rdacontent 
337 |a Computermedien  |b c  |2 rdamedia 
338 |a Online-Ressource  |b cr  |2 rdacarrier 
362 0 |a Volume 241, number 1300 (23 July 1990)- 
363 0 1 |a 241  |i 1990 
500 |a Gesehen am 26.01.26 
591 |a 355!URL-Ä(22-12-25);C!NA für Vorg., Splits analog ISSN-Portal(26-01-26) 
655 7 |a Zeitschrift  |0 (DE-588)4067488-5  |0 (DE-627)10454466X  |0 (DE-576)20917000X  |2 gnd-content 
689 0 0 |d s  |0 (DE-588)4129772-6  |0 (DE-627)105707457  |0 (DE-576)209613319  |a Biowissenschaften  |2 gnd 
689 0 |5 DE-101 
776 1 |x 0962-8452 
856 4 0 |u https://ezb.ur.de/?1460975-7  |x Frontdoor-Url  |7 1 
856 4 0 |u https://royalsocietypublishing.org/rspb/issue-covers  |x Verlag  |7 1 
856 4 0 |u https://royalsocietypublishing.org/rspb  |x Verlag; Volltexte der letzten 10 Jahre nach 12 Monaten frei verfügbar  |z teilw. kostenfrei  |7 1 
856 4 0 |u https://www.ncbi.nlm.nih.gov/pmc/journals/137/  |x Langzeitarchivierung; 264.1997 -: Volltexte nach 12 Monaten frei verfügbar  |z teilw. kostenfrei  |7 1 
856 4 0 |u https://www.jstor.org/journal/procbiolscie  |x Digitalisierung; 241.1990 -; jeweils die letzten 4 Jahre nicht verfügbar  |7 1 
912 |a ZDB-1-JHG 
912 |a ZDB-1-JLS 
912 |a ZDB-1-JMC 
912 |a ZDB-1-JP2 
912 |a ZDB-1-RSL 
912 |a ZDB-1-JAJP 
936 b k |a 35.70  |j Biochemie: Allgemeines  |0 (DE-627)106419277 
936 b k |a 42.00  |j Biologie: Allgemeines  |0 (DE-627)106419943 
951 |a JT 
ELC |a 1 
LOK |0 000 xxxxxcy a22 3n 4500 
LOK |0 001 4862487823 
LOK |0 003 DE-627 
LOK |0 004 253785197 
LOK |0 005 20260128063941 
LOK |0 007 ccruuuuuuuuuuuu 
LOK |0 008 260128||||||||||||||||ger||||||| 
LOK |0 035   |a (DE-600)126432071X 
LOK |0 040   |a DE-21  |c DE-627  |d DE-21 
LOK |0 092   |o e  |p n 
LOK |0 093   |e Volltext nur online  |f Konsortiallizenz  |g Kostenpflichtig 
LOK |0 852   |a DE-21 
LOK |0 852 1  |9 00 
LOK |0 85640  |u https://ezb.ur.de/detail.phtml?bibid=UBTUE&jour_id=8019  |x EZB 
LOK |0 85901  |8 1.1  |a 241  |i 1990 
LOK |0 866   |x Nationalkonsortium 
LOK |0 86630  |a 241.1990 - 
LOK |0 912   |a natli_rsl_complete_s 
LOK |0 935   |a cofz  |a zezb 
LOK |0 938   |l Volltext nur online  |8 0 
LOK |0 938   |l Konsortiallizenz  |8 1 
LOK |0 938   |l Kostenpflichtig  |8 2 
LOK |0 939   |a 27-01-26  |b zez 
LOK |0 000 xxxxxcy a22 3n 4500 
LOK |0 001 4862487831 
LOK |0 003 DE-627 
LOK |0 004 253785197 
LOK |0 005 20260128063941 
LOK |0 007 ccruuuuuuuuuuuu 
LOK |0 008 260128||||||||||||||||ger||||||| 
LOK |0 035   |a (DE-600)1264321082 
LOK |0 040   |a DE-21  |c DE-627  |d DE-21 
LOK |0 092   |o k  |p n 
LOK |0 093   |e Volltext nur online  |f Einzellizenz  |g Kostenpflichtig 
LOK |0 852   |a DE-21 
LOK |0 852 1  |9 00 
LOK |0 85640  |u https://ezb.ur.de/detail.phtml?bibid=UBTUE&jour_id=8019  |x EZB 
LOK |0 85901  |8 1.1  |a 268  |i 2001 
LOK |0 86630  |a 268.2001 - 
LOK |0 912   |a rsl 
LOK |0 935   |a cofz  |a zezb 
LOK |0 938   |l Volltext nur online  |8 0 
LOK |0 938   |l Einzellizenz  |8 1 
LOK |0 938   |l Kostenpflichtig  |8 2 
LOK |0 939   |a 27-01-26  |b zez 
LOK |0 000 xxxxxcy a22 3n 4500 
LOK |0 001 4870006936 
LOK |0 003 DE-627 
LOK |0 004 253785197 
LOK |0 005 20260131191312 
LOK |0 007 ccruuuuuuuuuuuu 
LOK |0 008 260131||||||||||||||||ger||||||| 
LOK |0 035   |a (DE-600)1266243666 
LOK |0 040   |a DE-21  |c DE-627  |d DE-21 
LOK |0 092   |o k 
LOK |0 093   |e retrodigitalisiert  |f Konsortiallizenz  |g Kostenpflichtig 
LOK |0 852   |a DE-21 
LOK |0 852 1  |9 00 
LOK |0 85640  |u https://ezb.ur.de/detail.phtml?bibid=UBTUE&jour_id=504070  |x EZB 
LOK |0 85901  |8 1.1  |a 241  |i 1990 
LOK |0 859   |y -004Y 
LOK |0 86630  |a 241.1990 - 
LOK |0 866 0  |z Die letzten 4 Jahrgänge sind nicht zugänglich 
LOK |0 912   |a jstor_complete 
LOK |0 935   |a cofz  |a zezb 
LOK |0 938   |l retrodigitalisiert  |8 0 
LOK |0 938   |l Konsortiallizenz  |8 1 
LOK |0 938   |l Kostenpflichtig  |8 2 
LOK |0 939   |a 30-01-26  |b zez 
ORI |a SA-MARC-krimdokb001.raw 
SPR |a 1  |t KRI